LEADER 01007nam0 2200289 450 001 000038900 005 20141006141737.0 010 $a84-7039-300-6 100 $a20141006d1978----km-y0itaa50------ba 101 0 $aspa 102 $aES 200 1 $a<> año literario español 1978$fXesús Alonso Montero ... [et al.] 210 $aMadrid$cCastalia$d1978 215 $a195 p.$d18 cm 225 2 $aLiteratura y sociedad$v19 410 0$12001$aLiteratura y sociedad$v19 606 1 $aLetteratura spagnola 676 $a860.64$v(22. ed.)$9Letteratura spagnola. 1945-1999 702 1$aMontero,$bXesús Alonso 801 0$aIT$bUniversità della Basilicata - B.I.A.$gREICAT$2unimarc 912 $a000038900 996 $aAño literario español 1978$91530451 997 $aUNIBAS BAS $aLETTERE CAT $aEXT017$b01$c20141006$lBAS01$h1417 FMT Z30 -1$lBAS01$LBAS01$mBOOK$1BASA1$APolo Storico-Umanistico$2DSLF$BCollezione DiSLF$3DF/E1995$63471$5F3471$820141006$f04$FPrestabile Didattica LEADER 00915cam0 22002773 450 001 SOB017054 005 20190524094553.0 010 $a8843013858 100 $a20040211d1999 |||||ita|0103 ba 101 $aita 102 $aIT 200 1 $a<>setting pedagogico$evincoli e possibilità per l'interazione educativa$fIgor Salomone 210 $aRoma$cCarocci$d1999 215 $a270 p.$d22 cm 225 2 $aUniversità$v115 410 1$1001SOBE00023368$12001 $a*Università$v115 700 1$aSalomone$b, Igor$3AF00011181$4070$0525553 801 0$aIT$bUNISOB$c20190524$gRICA 850 $aUNISOB 852 $aUNISOB$j370$m110503 912 $aSOB017054 940 $aM 102 Monografia moderna SBN 941 $aM 957 $a370$b001768$gRIS$d110503$hDeSanctisO$rACQUISTO$1catenacci$2UNISOB$3UNISOB$420160531092142.0$520160531092811.0$6catenacci 996 $aSetting pedagogico$91223960 997 $aUNISOB